Prisão em flagrante : (Record no. 123)

MARC details
000 -LÍDER
Campo Fixo de Controle 00928cam a2200253 a 4500
001 - NÚMERO DE CONTROLE
Campo de Controle 123
003 - IDENTIFICAÇÃO DO NÚMERO DE CONTROLE
Campo de Controle BR-CuiBMT
005 - DATA E HORA DA ÚLTIMA ATUALIZAÇÃO
Campo de Controle 20231109225636.0
008 - DADOS FIXOS
Dados Fixos 230816s2023 mgb 000 0 por d
020 ## - INTERNATIONAL STANDARD BOOK NUMBER
Nº do ISBN 9786555184433
040 ## - AGÊNCIA CATALOGADORA
Código da Agência Catalogadora BR-CuiBMT
Agência que transcreveu o registro BR-CuiBMT
080 ## - Nº DA CLASSIFICAÇÃO DECIMAL UNIVERSAL
Nº edição CDU 2007
Nº Class. CDU 343.125
Subd. Auxiliar Comum (81)
090 ## - NÚMERO DE CHAMADA
Nº classificação 343.125(81)
Cutter D486p
100 1# - ENTRADA PRINCIPAL -- AUTOR PESSOAL
Nome pessoal Deus, Paulo Ricardo Aguiar de
245 10 - TÍTULO PRINCIPAL
Título principal Prisão em flagrante :
Subtítulo uma crítica a partir da institucionalização da audiência de custódia no Brasil /
Indicação de responsabilidade Paulo Ricardo Aguiar de Deus ; prefácio Antonio Henrique Graciano Suxberger.
260 ## - PUBLICAÇÃO, DISTRIBUIÇÃO, ETC.
Local de publicação Belo Horizonte :
Editora Fórum,
Data 2023.
300 ## - DESCRIÇÃO FÍSICA
N. páginas ou volumes 133 p. ;
Dimensões 22 cm
504 ## - NOTA DE BIBLIOGRAFIA, ETC.
Nota de bibliografia Inclui bibliografia.
650 ## - ASSUNTO TÓPICO
Cabeçalho tópico ou nome geográfico Direito processual penal
Subdivisão geográfica Brasil
650 ## - ASSUNTO TÓPICO
Cabeçalho tópico ou nome geográfico Prisão em flagrante
Subdivisão geral Direito processual penal
650 ## - ASSUNTO TÓPICO
Cabeçalho tópico ou nome geográfico Audiências de custódia
Subdivisão geral Direito processual penal
650 ## - ASSUNTO TÓPICO
Cabeçalho tópico ou nome geográfico Direito constitucional
Subdivisão geográfica Brasil
942 ## - ELEMENTOS DE ENTRADA ADICIONAIS (KOHA)
Fonte de classificação ou esquema de arquivamento Classificação Decimal Universal
Tipo de item do Koha Livros
Holdings
Estado: removido Estado: perdido Fonte de classificação ou esquema de arquivamento Estado: danificado Indisponível para empréstimo Localização permanente Localização atual Data de aquisição Total Checkouts Número de Chamada completo Código de barras Date last seen Date last checked out Número do exemplar Preço efetivo a partir de Tipo de item (Koha)
    Classificação Decimal Universal     Biblioteca da Escola Superior de Contas do TCE/MT Biblioteca da Escola Superior de Contas do TCE/MT 28/06/2023 1 343.125(81) D486p BIBTCEMT23080100 12/08/2024 27/06/2024 Ex. 1 16/08/2023 Livros

Powered by Koha